000 00966nam a2200229Ia 4500
999 _c36199
_d36199
001 2102
003 GE_BSU
005 20221024111343.0
008 181216s1987ru xx |||||||||||||| ||rus||
040 _cGE_BSU
041 _arus
080 _a911.3 Д-42
100 _aДжонстон Р. Дж.
_915464
245 _aГеография и географиы:
_bОчерк развития англо-американской социальной географии после 1945 года /
_cР.Дж. Джонстон, ер. с англ.Н.М. Алаевой, Под.ред. Э.Б.Алаева.
264 _aМосква :
_bПрогресс,
_c1987.
300 _a368 стр. :
_b21см.
653 _aГеография и географиы
653 _aგეოგრაფია
700 _aАлаевой, .Н.М.
_eმთარგმნელი
_915465
700 _aАлаева, Э.Б.
_eრედაქტორი
_915466
942 _cBK
_2udc